[Event "29. Erfurter Schachfestival 2019 - Meis"]
[Site "Erfurt"]
[Date "2019.12.26"]
[Round "1.16"]
[White "Schulz, Karsten"]
[Black "Roehr, Oliver"]
[Result "1-0"]
[WhiteElo "2267"]
[BlackElo "2028"]
[Annotator "Kohlstaedt,Juergen"]
[PlyCount "107"]
[EventDate "2019.12.26"]

1. Nf3 Nf6 2. g3 d5 3. c4 e6 4. Bg2 Be7 5. O-O O-O 6. b3 c5 7. Bb2 Nc6 8. e3
Ne4 9. d3 Bf6 10. Qe2 Bxb2 11. Qxb2 Qf6 12. Qxf6 Nxf6 13. cxd5 Nxd5 14. Rc1
Ndb4 15. Rxc5 Nxd3 16. Rc3 Rd8 17. Nbd2 e5 18. a3 Bg4 19. h3 Bxf3 20. Nxf3 Rd6
21. Ne1 Nxe1 22. Rxe1 Rad8 23. Bxc6 Rc8 24. Rec1 Rdxc6 25. Rxc6 Rxc6 26. Rxc6
bxc6 27. Kf1 Kf8 28. Ke2 Ke7 29. Kd3 Kd6 30. Kc4 f5 31. b4 g5 32. g4 f4 33. Kd3
Kd5 34. e4+ Kd6 35. f3 c5 36. b5 Kc7 37. Kc4 Kb6 38. Kd5 Kxb5 39. Kxe5 Kc6 40.
Kf6 c4 41. e5 c3 42. e6 c2 43. e7 Kd7 44. Kf7 c1=Q 45. e8=Q+ Kc7 46. Qe5+ Kb6
47. Qe6+ Ka5 48. Qd5+ Ka6 49. Kf6 h6 50. Qd6+ Ka5 51. Kg6 Qf1 52. Kxh6 Qxh3+
53. Kxg5 Qxf3 54. Kf5 {(Zue)} 1-0

[Event "29. Erfurter Schachfestival 2019 - Meis"]
[Site "Erfurt"]
[Date "2019.12.26"]
[Round "1.17"]
[White "Farokhi, Keyvan"]
[Black "Hartge, Gedeon"]
[Result "1/2-1/2"]
[WhiteElo "2023"]
[BlackElo "2239"]
[Annotator "Kohlstaedt,Juergen"]
[PlyCount "69"]
[EventDate "2019.12.26"]

1. d4 Nf6 2. Bf4 c5 3. dxc5 Na6 4. Qd4 Qa5+ 5. Nc3 Qxc5 6. e3 Qxd4 7. exd4 Nb4
8. O-O-O d6 9. Nf3 Bd7 10. d5 a5 11. a3 Na6 12. Bc4 h6 13. Rhe1 Kd8 14. Be3 Kc7
15. Bd4 b6 16. Bb5 Nc5 {(=)} 17. Bxd7 Kxd7 18. Re2 Rg8 19. g3 Ne8 20. Rde1 Nc7
21. Nd2 e5 22. Bxc5 bxc5 23. Nc4 Ra6 24. f4 f6 25. f5 Be7 26. a4 Rb8 27. b3 Ke8
28. g4 Kf7 29. h4 h5 30. Rg2 hxg4 31. Rxg4 Rh8 32. Reg1 Bf8 33. Rd1 Rh5 34. Ne3
Rb6 35. Nc4 1/2-1/2

[Event "29. Erfurter Schachfestival 2019 - Meis"]
[Site "Erfurt"]
[Date "2019.12.26"]
[Round "1.18"]
[White "Weishaeutel, Moritz"]
[Black "Geisshirt, Marco"]
[Result "1-0"]
[WhiteElo "2231"]
[BlackElo "2022"]
[Annotator "Kohlstaedt,Juergen"]
[PlyCount "72"]
[EventDate "2019.12.26"]

1. e4 g6 2. d4 Bg7 3. Nc3 d6 4. f4 Nf6 5. Nf3 O-O 6. e5 dxe5 7. fxe5 Nd5 8. Bc4
Nxc3 9. bxc3 c5 10. O-O Nc6 11. Ng5 e6 12. Be3 Qa5 13. Ne4 b5 14. Be2 b4 15.
cxb4 cxb4 16. Nf6+ Bxf6 17. exf6 Rd8 18. Bf3 Bb7 19. Qe1 Rd7 20. Qh4 Qd8 21. d5
exd5 22. Bc5 Qa5 {(=)} 23. Bf8 Qd8 24. Bg4 Qxf8 25. Bxd7 Rd8 26. Bxc6 Bxc6 27.
Qd4 a6 28. Rfe1 Bb5 29. Re7 Bc4 30. Rae1 h5 31. Qb6 Bxa2 32. Rxf7 Qd6 33. Rg7+
Kf8 34. Qa7 Qxf6 35. Rf1 d4 36. Rxf6+ Ke8 1-0

[Event "29. Erfurter Schachfestival 2019 - Meis"]
[Site "Erfurt"]
[Date "2019.12.26"]
[Round "1.19"]
[White "Arnhold, Steffi"]
[Black "Everett, Elijah"]
[Result "1-0"]
[WhiteElo "2018"]
[BlackElo "2230"]
[PlyCount "45"]
[EventDate "2019.12.26"]

1. e4 c5 2. Nf3 d6 3. d4 cxd4 4. Nxd4 Nf6 5. Nc3 a6 6. Bg5 e6 7. f4 b5 8. Qf3
Bb7 9. Bd3 Nbd7 10. O-O-O Be7 11. Rhe1 O-O 12. a3 Rc8 13. Qh3 Nc5 14. e5 Nxd3+
15. Rxd3 Nd5 16. Bxe7 Qxe7 17. Nxd5 Bxd5 18. Qg4 dxe5 19. Rxe5 Qc7 20. Rc3 Qa7
21. Rxc8 Rxc8 22. Rxd5 Re8 23. Qe2 1-0

[Event "29. Erfurter Schachfestival 2019 - Meis"]
[Site "Erfurt"]
[Date "2019.12.26"]
[Round "1.20"]
[White "Kaiser, Dieter"]
[Black "Hoehn, Michael"]
[Result "1-0"]
[WhiteElo "2228"]
[BlackElo "2018"]
[PlyCount "104"]
[EventDate "2019.12.26"]

1. c4 e5 2. g3 Nf6 3. Bg2 c6 4. d4 e4 5. Nc3 d5 6. cxd5 cxd5 7. a3 Nc6 8. f3
exf3 9. Nxf3 Bd6 10. O-O h6 11. Nh4 O-O 12. e3 Bb8 13. Qd3 Be6 14. Bd2 Re8 15.
Rf2 Ng4 16. Rf3 Nxh2 17. Rf4 g5 18. Kxh2 gxh4 19. Be1 hxg3+ 20. Bxg3 Bxf4 21.
Bxf4 Qh4+ 22. Kg1 Ne7 23. Rf1 Bh3 24. Rf2 Bf5 25. Qb5 Rad8 26. Qxb7 Rd7 27. Qb5
Be6 28. Kf1 Ng6 29. Nxd5 Bxd5 30. Qxd7 Bc4+ 31. Kg1 Rf8 32. Bd6 Rd8 33. Qc7 Be6
34. d5 Rc8 35. Qb7 Rc1+ 36. Rf1 Rxf1+ 37. Kxf1 Qf6+ 38. Kg1 Bg4 39. Bg3 Bf3 40.
Qb8+ Kh7 41. Qb3 Qg5 42. Kf2 Bxg2 43. Kxg2 Nh4+ 44. Kf2 Qf5+ 45. Bf4 Qe4 46.
Ke2 Qf3+ 47. Kd2 Ng6 48. Qd3 Qf2+ 49. Kc3 Qe1+ 50. Kb3 Qa5 51. d6 Qd8 52. d7 h5
1-0

[Event "29. Erfurter Schachfestival 2019 - Meis"]
[Site "Erfurt"]
[Date "2019.12.26"]
[Round "1.21"]
[White "Kurze, Christoph"]
[Black "Neukirchner, Pascal"]
[Result "0-1"]
[WhiteElo "2016"]
[BlackElo "2224"]
[PlyCount "92"]
[EventDate "2019.12.26"]

1. Nf3 c5 2. g3 g6 3. Bg2 Bg7 4. c4 Nc6 5. O-O Nf6 6. d4 cxd4 7. Nxd4 O-O 8.
Nc3 d6 9. Nxc6 bxc6 10. Rb1 Rb8 11. Be3 Qa5 12. Qa4 Qxa4 13. Nxa4 Bf5 14. Bxc6
Bxb1 15. Rxb1 Rfc8 16. Bf3 Rc7 17. b3 Nd7 18. Rd1 Ne5 19. Be4 Nxc4 20. Bc1 Rbc8
21. Bb1 Nb6 22. Be3 Nxa4 23. bxa4 Bb2 24. Bd3 Ba3 25. Rb1 Bc5 26. Bh6 Bb6 27.
Kg2 Rc3 28. Rb2 f6 29. Bd2 R3c5 30. Bb4 Rd5 31. Ba6 Rc7 32. Bd3 Kg7 33. Rb3 f5
34. Bb5 e5 35. Bc3 Bd4 36. Bxd4 Rxd4 37. a5 Kf6 38. a6 g5 39. a4 h5 40. Rb2 Rd1
41. Be8 h4 42. h3 e4 43. f4 Rcc1 44. fxg5+ Kxg5 45. gxh4+ Kxh4 46. Bh5 Rg1+ 0-1

[Event "29. Erfurter Schachfestival 2019 - Meis"]
[Site "Erfurt"]
[Date "2019.12.26"]
[Round "1.22"]
[White "Schmitzer, Klaus"]
[Black "Lochte, Thomas"]
[Result "1-0"]
[WhiteElo "2217"]
[BlackElo "2014"]
[Annotator "Kohlstaedt,Juergen"]
[PlyCount "74"]
[EventDate "2019.12.26"]

1. d4 Nf6 2. Bf4 g6 3. e3 Bg7 4. Nd2 c5 5. c3 cxd4 6. exd4 d6 7. Ngf3 Nbd7 8.
Bc4 O-O 9. O-O Nb6 10. Bb3 Nh5 11. Be3 e5 12. a4 a5 13. dxe5 dxe5 14. Bc5 Re8
15. Ne4 Qxd1 16. Rfxd1 Be6 17. Bxe6 Rxe6 18. Nfg5 Rc6 19. Rd6 Rxd6 20. Nxd6 Nd7
21. Be3 f5 22. Nxb7 f4 23. Bd2 Ra7 24. Nd6 Nc5 25. Be1 Nf6 {(=)} 26. f3 Rd7 27.
Nge4 Ncxe4 28. Nxe4 Nxe4 29. fxe4 Bf8 30. Kf1 Rd3 31. c4 Rd4 32. Rc1 Kf7 33.
Bxa5 Rxe4 34. Bb6 Bb4 35. a5 Bd2 36. a6 Bxc1 37. a7 Re3 1-0

[Event "29. Erfurter Schachfestival 2019 - Meis"]
[Site "Erfurt"]
[Date "2019.12.26"]
[Round "1.23"]
[White "Smit, Frans"]
[Black "Osmanodja, Filiz"]
[Result "0-1"]
[WhiteElo "2009"]
[BlackElo "2214"]
[PlyCount "80"]
[EventDate "2019.12.26"]

1. c4 e5 2. g3 Nf6 3. Bg2 h6 4. Nc3 Bb4 5. Qc2 O-O 6. Nf3 Re8 7. O-O c6 8. d3
d5 9. a3 Bf8 10. b4 a5 11. bxa5 Rxa5 12. Nd2 Be6 13. cxd5 cxd5 14. Nb3 Ra6 15.
d4 e4 16. Bb2 Rc6 17. Rfc1 Nh7 18. Qd2 Ng5 19. Nd1 Nh3+ 20. Kh1 Nd7 21. Rxc6
bxc6 22. Bc3 Qf6 23. Qe1 Qg6 24. Bb4 Rb8 25. Rc1 Rb6 26. Qc3 Qh5 27. Qe1 Nf6
28. f3 Ng5 29. f4 Ng4 30. h4 Nh7 31. Nf2 Nxf2+ 32. Qxf2 Bxb4 33. axb4 Rxb4 34.
Na5 Rb2 35. Re1 Bd7 36. Kg1 Nf6 37. Qe3 Ra2 38. Nb7 Bg4 39. Bf1 Qf5 40. Qb3 Bf3
0-1

[Event "29. Erfurter Schachfestival 2019 - Meis"]
[Site "Erfurt"]
[Date "2019.12.26"]
[Round "1.24"]
[White "Schmuecker, Marcus"]
[Black "Linnemann, Niklas"]
[Result "1/2-1/2"]
[WhiteElo "2210"]
[BlackElo "2007"]
[PlyCount "174"]
[EventDate "2019.12.26"]

1. Nf3 c5 2. g3 Nc6 3. Bg2 Nf6 4. c4 g6 5. O-O Bg7 6. d4 cxd4 7. Nxd4 O-O 8.
Nc3 Qb6 9. Nc2 d6 10. b3 Bd7 11. Bb2 Nb4 12. Nd4 Rfd8 13. Qd2 Ne8 14. Rad1 Nc7
15. e3 a5 16. h3 Nc6 17. Nde2 Qb4 18. Qc1 Qc5 19. Nf4 Rac8 20. Qb1 Bf5 21. e4
Bd7 22. Rfe1 e5 23. Nfd5 Be6 24. Bc1 Bxd5 25. exd5 Nd4 26. Bg5 Rd7 27. Ne2 b5
28. Nxd4 exd4 29. cxb5 Nxb5 30. Qd3 Nc3 31. Rc1 h6 32. Bf4 Rdc7 33. h4 Rb8 34.
Qa6 Bf8 35. Bd2 Qb5 36. Qxb5 Rxb5 37. Re8 Kg7 38. Bf1 Rxd5 39. Bc4 Rdc5 40.
Rxc3 dxc3 41. Bxc3+ f6 42. Bxf6+ Kxf6 43. Rxf8+ Ke7 44. Rf7+ Kd8 45. Rf6 d5 46.
Bd3 Rc1+ 47. Kg2 Rd1 48. Bxg6 d4 49. Bf5 Rc5 50. g4 h5 51. g5 Ke7 52. Bg6 d3
53. Bxh5 Re1 54. Rf7+ Ke6 55. Rf3 d2 56. Rd3 Rd5 57. Rxd5 Kxd5 58. g6 Re7 59.
Bd1 Ke6 60. Kf1 Kf6 61. Be2 Kxg6 62. a3 Re4 63. f3 Rd4 64. Bd1 Kh5 65. Ke2 Kxh4
66. Ke3 Rd8 67. b4 a4 68. b5 Kg5 69. b6 Kf5 70. Ke2 Kf4 71. Bxa4 Rb8 72. Kxd2
Rxb6 73. Bd1 Ke5 74. Kc3 Kd5 75. Bc2 Kc5 76. a4 Rf6 77. Bd1 Rd6 78. Be2 Re6 79.
Kd2 Kb4 80. Bb5 Kc5 81. Kd3 Re7 82. f4 Kd5 83. Bc4+ Kc5 84. Bb3 Kb4 85. Bc2
Rd7+ 86. Ke2 Kc3 87. Be4 Rd4 1/2-1/2

[Event "29. Erfurter Schachfestival 2019 - Meis"]
[Site "Erfurt"]
[Date "2019.12.26"]
[Round "1.25"]
[White "Maiwald, Harald"]
[Black "Ortmeier, Leonhard"]
[Result "1/2-1/2"]
[WhiteElo "2005"]
[BlackElo "2208"]
[Annotator "Ruether,Rudolf"]
[PlyCount "155"]
[EventDate "2019.12.26"]

1. Nf3 Nf6 2. g3 d5 3. Bg2 e6 4. O-O Be7 5. d3 O-O 6. Nbd2 c5 7. e4 Nc6 8. Re1
b6 9. e5 Nd7 10. Nf1 Bb7 11. h4 Re8 12. Bf4 f6 13. c3 fxe5 14. Nxe5 Ndxe5 15.
Bxe5 Nxe5 16. Rxe5 Bf6 17. Re3 d4 18. Bxb7 dxe3 19. Nxe3 Rb8 20. Be4 Qe7 21. a4
Red8 22. Qh5 g6 23. Qg4 Kh8 24. h5 g5 25. Qe2 a6 26. Ng4 Rd7 27. Re1 b5 28. Bc6
Rd6 29. axb5 axb5 30. Ne5 Kg8 31. Bf3 Qg7 32. Nc6 Rc8 33. Ra1 Qf7 34. Ra7 Rd7
35. Ra5 Rdc7 36. Ra6 Bg7 37. Be4 Qd7 38. Qf3 Rf8 39. Qe3 Qf7 40. Qxc5 Rd7 41.
Qe3 Qxh5 42. Ra7 Rxa7 43. Qxa7 Qd1+ 44. Kg2 Qd2 45. Ne5 Qe2 46. Nf3 Qxb2 47.
Nxg5 Qxc3 48. Nxe6 Re8 49. Qd7 Rxe6 50. Qxe6+ Kf8 51. Qf5+ Qf6 52. Qxb5 h6 53.
Qf5 Ke7 54. Qxf6+ Bxf6 55. f4 Kf7 56. g4 Bd4 57. Kh3 Kf6 58. Kh4 Be3 59. Kg3
Bd4 {(=)} 60. Kf3 Bc5 61. Bd5 Bb6 62. Ke4 Bf2 63. Bc6 Bc5 64. d4 Bd6 65. Be8
Ke7 66. Bh5 Kf6 67. Be8 Ke7 68. Bb5 Kf6 69. f5 Ke7 70. Kd5 Bf4 71. Kc6 Bg3 72.
Bc4 Bf4 73. d5 Be5 74. Bd3 Bf4 75. d6+ Bxd6 76. f6+ Kxf6 77. Kxd6 h5 78. gxh5
1/2-1/2

[Event "29. Erfurter Schachfestival 2019 - Meis"]
[Site "Erfurt"]
[Date "2019.12.26"]
[Round "1.26"]
[White "Pubantz, Jan"]
[Black "Grund, Sebastian"]
[Result "1-0"]
[WhiteElo "2207"]
[BlackElo "2000"]
[PlyCount "65"]
[EventDate "2019.12.26"]

1. d4 Nf6 2. c4 g6 3. g3 Bg7 4. Bg2 d5 5. cxd5 Nxd5 6. Nf3 O-O 7. O-O Nc6 8. e4
Nb6 9. d5 Na5 10. Qc2 c6 11. dxc6 Nxc6 12. Rd1 Qc7 13. Na3 Bg4 14. Bf4 Qc8 15.
Rac1 Bxf3 16. Bxf3 Nd4 17. Qd3 Nxf3+ 18. Qxf3 Qe6 19. Rc7 Bxb2 20. Nb5 Rfd8 21.
Rxd8+ Rxd8 22. Nxa7 Na4 23. Rxb7 Qa6 24. Rxe7 Bf6 25. Rc7 Nc3 26. Bh6 Qb6 27.
Rxc3 Bxc3 28. Qxc3 Qb1+ 29. Kg2 Qxe4+ 30. Qf3 Qc4 31. Nc6 Re8 32. Ne7+ Kh8 33.
Qf6# 1-0

[Event "29. Erfurter Schachfestival 2019 - Meis"]
[Site "Erfurt"]
[Date "2019.12.26"]
[Round "1.27"]
[White "Schlick, Stefan"]
[Black "Heyder, Florian"]
[Result "0-1"]
[WhiteElo "1997"]
[BlackElo "2205"]
[PlyCount "80"]
[EventDate "2019.12.26"]

1. d4 e6 2. c4 d5 3. Nc3 Nf6 4. cxd5 exd5 5. Bg5 c6 6. e3 Be7 7. Bd3 Nbd7 8.
Nge2 O-O 9. Qc2 h6 10. Bh4 Re8 11. f3 c5 12. O-O a6 13. Rae1 b5 14. Bf5 Bb7 15.
Kh1 Qb6 16. Bf2 c4 17. e4 dxe4 18. fxe4 Nf8 19. e5 Nd5 20. Nxd5 Bxd5 21. Nf4
Rad8 22. Nxd5 Rxd5 23. Be4 Rdd8 24. Be3 Qc7 25. b3 c3 26. Rf3 b4 27. Ref1 f6
28. Bg6 fxe5 29. d5 Nxg6 30. Qxg6 Qd6 31. Qf7+ Kh8 32. Rg3 Rg8 33. Rg6 Rdf8 34.
Qxg8+ Kxg8 35. Rxf8+ Kxf8 36. Rxd6 Bxd6 37. Kg1 Kf7 38. Kf2 Be7 39. Ke2 Bg5 40.
Bc5 c2 0-1

[Event "29. Erfurter Schachfestival 2019 - Meis"]
[Site "Erfurt"]
[Date "2019.12.26"]
[Round "1.29"]
[White "Krause, Maximilian"]
[Black "Kolb, Tobias"]
[Result "1/2-1/2"]
[WhiteElo "1992"]
[BlackElo "2185"]
[PlyCount "58"]
[EventDate "2019.12.26"]

1. e4 c6 2. d4 d5 3. e5 c5 4. c3 Nc6 5. Be3 Nh6 6. dxc5 Nxe5 7. Nf3 Nxf3+ 8.
Qxf3 e5 9. Bb5+ Bd7 10. Bxd7+ Qxd7 11. O-O Nf5 12. Na3 Be7 13. Rad1 Rd8 14. Nc4
e4 15. Qh3 O-O 16. Nd6 Nxe3 17. Qxe3 Qc6 18. Qd4 Bxd6 19. cxd6 Rxd6 20. Qxa7 b6
21. Qe7 Re8 22. Qg5 f6 23. Qf4 Rd7 24. Rd4 Red8 25. Rfd1 Kf7 26. h3 Qe6 27. Qd2
Ke7 28. Qe3 f5 29. Rb4 Rd6 1/2-1/2

[Event "29. Erfurter Schachfestival 2019 - Meis"]
[Site "Erfurt"]
[Date "2019.12.26"]
[Round "1.30"]
[White "Zimmermann, René"]
[Black "Berberich, Christoph"]
[Result "1/2-1/2"]
[WhiteElo "2184"]
[BlackElo "1988"]
[Annotator "Ruether,Rudolf"]
[PlyCount "154"]
[EventDate "2019.12.26"]

1. d4 Nf6 2. c4 c5 3. Nf3 cxd4 4. Nxd4 e5 5. Nc2 d5 6. cxd5 Qxd5 7. Qxd5 Nxd5
8. e4 Nb4 9. Nxb4 Bxb4+ 10. Bd2 Bxd2+ 11. Nxd2 O-O 12. Bc4 Nc6 13. Rc1 Nd4 14.
Nb3 Nxb3 15. Bxb3 Bd7 16. Rc7 Bc6 17. f3 g6 18. Ke2 Kg7 19. Rd1 Rac8 20. Rxc8
Rxc8 {(=)} 21. Ke3 Rc7 22. Rd8 Rd7 23. Ra8 a6 24. Rc8 h5 25. h4 f5 26. exf5
gxf5 27. Rg8+ Kf6 28. Rf8+ Kg6 29. Bc2 e4 30. fxe4 fxe4 31. Rf4 Rc7 32. g3 Bd5
33. Bxe4+ Bxe4 34. Rxe4 Rc2 35. Rb4 b5 36. Ke4 Rg2 37. Kf3 Rc2 38. g4 hxg4+ 39.
Kxg4 Rg2+ 40. Kf3 Rh2 41. a3 Kf5 42. Kg3 Rd2 43. Rf4+ Kg6 44. Rb4 Kf5 45. Kf3
Rh2 46. Ke3 Ke5 47. Kd3 Rh3+ 48. Kc2 Kd5 49. Rg4 Kc5 50. Kb1 a5 51. Ka2 a4 52.
Rg5+ Kc4 53. Rh5 Rh1 54. Rh8 Kc5 55. h5 Kb6 56. h6 Kb7 57. h7 Ka7 58. b4 axb3+
59. Kxb3 Rh4 60. Kc3 Rh1 61. Kb4 Rb1+ 62. Kc5 Rc1+ 63. Kxb5 Rb1+ 64. Ka5 Rh1
65. a4 Rh2 66. Kb5 Rh1 67. Kc6 Rc1+ 68. Kd5 Rd1+ 69. Ke4 Rh1 70. Kf3 Kb7 71.
Kg2 Rh6 72. a5 Rh5 73. a6+ Ka7 74. Kg3 Rh1 75. Kf3 Rh6 76. Ke4 Rh1 77. Kf5 Rf1+
1/2-1/2

[Event "29. Erfurter Schachfestival 2019 - Meis"]
[Site "Erfurt"]
[Date "2019.12.26"]
[Round "1.31"]
[White "Schmidt, Kai-Uwe"]
[Black "Walther, Andi"]
[Result "0-1"]
[WhiteElo "1982"]
[BlackElo "2180"]
[PlyCount "50"]
[EventDate "2019.12.26"]

1. Nf3 Nf6 2. d4 g6 3. g3 Bg7 4. Bg2 O-O 5. O-O d6 6. a4 c6 7. a5 Bf5 8. b3 Qc8
9. Re1 c5 10. Bb2 Nc6 11. dxc5 dxc5 12. a6 Rd8 13. Qc1 bxa6 14. Na3 Rb8 15. Ne5
Be4 16. f3 Bd5 17. e4 Be6 18. Nac4 Nd4 19. Na5 Nd7 20. Nec4 Nb6 21. Ra2 Qd7 22.
f4 Qb5 23. Nd2 Ne2+ 24. Rxe2 Qxe2 25. Bxg7 Rxd2 0-1

[Event "29. Erfurter Schachfestival 2019 - Meis"]
[Site "Erfurt"]
[Date "2019.12.26"]
[Round "1.32"]
[White "Wong, Gengchun"]
[Black "Grohmann, Alexander"]
[Result "1/2-1/2"]
[WhiteElo "2180"]
[BlackElo "1980"]
[PlyCount "64"]
[EventDate "2019.12.26"]

1. e4 c5 2. Nf3 d6 3. d4 cxd4 4. Nxd4 Nf6 5. Nc3 a6 6. Bg5 e6 7. f3 Be7 8. Qd2
Qc7 9. O-O-O Nbd7 10. a3 b5 11. Bxb5 axb5 12. Ndxb5 Qb6 13. Nxd6+ Bxd6 14. Qxd6
Qxd6 15. Rxd6 O-O 16. Rhd1 Ne5 17. a4 h6 18. Bh4 Ba6 19. b3 Rfc8 20. Kb2 Rcb8
21. Kc1 Rc8 22. Bg3 Nxf3 23. gxf3 Rxc3 24. b4 Rxf3 25. Rd8+ Rxd8 26. Rxd8+ Kh7
27. b5 Bb7 28. a5 Ra3 29. a6 Bxa6 30. Ra8 Rxg3 31. hxg3 Bxb5 32. e5 Ne4 1/2-1/2

[Event "29. Erfurter Schachfestival 2019 - Meis"]
[Site "Erfurt"]
[Date "2019.12.26"]
[Round "1.33"]
[White "Guenther, Thomas"]
[Black "Sobolevsky, Leonid"]
[Result "1/2-1/2"]
[WhiteElo "1980"]
[BlackElo "2178"]
[PlyCount "73"]
[EventDate "2019.12.26"]

1. Nf3 Nf6 2. e3 b6 3. c4 Bb7 4. b3 g6 5. Bb2 Bg7 6. d4 O-O 7. Bd3 d5 8. Nbd2
e6 9. Qc2 Nc6 10. a3 Nh5 11. O-O f5 12. b4 a6 13. b5 axb5 14. cxb5 Na5 15. Ne5
Bxe5 16. dxe5 c5 17. bxc6 Nxc6 18. Nb3 Rc8 19. Qe2 Ng7 20. Nd4 Nxe5 21. Nxe6
Nxe6 22. Bxe5 Re8 23. Bb5 Bc6 24. Bxc6 Rxc6 25. Rac1 Qc8 26. Bb2 d4 27. Qb5 Rc5
28. Qb3 dxe3 29. Qxe3 Qc6 30. h3 Qe4 31. Qb3 Qd5 32. Qxd5 Rxd5 33. Rfd1 Red8
34. Rxd5 Rxd5 35. Rc6 Rb5 36. Rxe6 Rxb2 37. Re7 1/2-1/2

[Event "29. Erfurter Schachfestival 2019 - Meis"]
[Site "Erfurt"]
[Date "2019.12.26"]
[Round "1.34"]
[White "Urban, Lars"]
[Black "Huth, Kevin"]
[Result "1-0"]
[WhiteElo "2178"]
[BlackElo "1975"]
[PlyCount "59"]
[EventDate "2019.12.26"]

1. d4 c5 2. d5 g6 3. e4 Bg7 4. Nf3 d6 5. c4 e5 6. Nc3 Ne7 7. h4 Na6 8. Be2 Nc7
9. h5 Bd7 10. a3 Rb8 11. b4 Nc8 12. Rb1 a6 13. Rh2 b5 14. bxc5 dxc5 15. Be3 Nd6
16. hxg6 fxg6 17. Bxc5 Nxc4 18. Bxc4 bxc4 19. Bd6 Rxb1 20. Qxb1 Nb5 21. Nxb5
Bxb5 22. Qb4 h5 23. a4 Bd7 24. Nxe5 Bxe5 25. Bxe5 Rf8 26. f4 c3 27. g3 a5 28.
Qd6 Qc8 29. Qxg6+ Kd8 30. Qg5+ 1-0

[Event "29. Erfurter Schachfestival 2019 - Meis"]
[Site "Erfurt"]
[Date "2019.12.26"]
[Round "1.35"]
[White "Brendel, Bergit"]
[Black "Zienert, Richard"]
[Result "0-1"]
[WhiteElo "1970"]
[BlackElo "2171"]
[PlyCount "68"]
[EventDate "2019.12.26"]

1. e4 c6 2. d4 d5 3. Nd2 dxe4 4. Nxe4 Nf6 5. Nxf6+ exf6 6. Qe2+ Be6 7. Nf3 Bd6
8. g3 O-O 9. Bg2 Re8 10. Be3 f5 11. O-O f4 12. gxf4 Nd7 13. Ng5 Bf5 14. Qc4 Qf6
15. d5 c5 16. Qb3 b5 17. c4 bxc4 18. Qxc4 h6 19. Nf3 Be4 20. Ne5 Bxg2 21. Kxg2
Nxe5 22. fxe5 Qxe5 23. Rg1 Qxh2+ 24. Kf1 Qh3+ 25. Rg2 Rab8 26. Qc3 g6 27. Kg1
Re4 28. Bd2 Qh5 29. f3 Rh4 30. Re1 Rh1+ 31. Kf2 Qh4+ 32. Ke2 Re8+ 33. Kd1 Bg3
34. Reg1 Bf2 0-1

[Event "29. Erfurter Schachfestival 2019 - Meis"]
[Site "Erfurt"]
[Date "2019.12.26"]
[Round "1.36"]
[White "Ruppert, Wolfgang"]
[Black "Schoenfeld, Volker"]
[Result "1-0"]
[WhiteElo "2169"]
[BlackElo "1968"]
[PlyCount "63"]
[EventDate "2019.12.26"]

1. d4 Nf6 2. Bf4 g6 3. Nc3 d5 4. e3 Bg7 5. h4 h5 6. Be2 c6 7. Nf3 Bg4 8. Ne5
Bxe2 9. Qxe2 Nbd7 10. O-O-O Rc8 11. f3 b5 12. Qd3 b4 13. Ne2 Nxe5 14. Bxe5 Qa5
15. Kb1 Qb5 16. Qd2 a5 17. Nc1 O-O 18. Nd3 Nd7 19. Bxg7 Kxg7 20. g4 Rh8 21.
gxh5 Rxh5 22. Nf4 Rh6 23. h5 Rch8 24. Qg2 e5 25. dxe5 Nxe5 26. Qg3 Kf8 27. Ne6+
fxe6 28. Qxe5 gxh5 29. Rh4 R8h7 30. Rg1 Qb7 31. Rf4+ Ke8 32. Rg8+ 1-0

[Event "29. Erfurter Schachfestival 2019 - Meis"]
[Site "Erfurt"]
[Date "2019.12.26"]
[Round "1.37"]
[White "Reitz, Theresa"]
[Black "Miszler, Levente"]
[Result "0-1"]
[WhiteElo "1961"]
[BlackElo "2167"]
[Annotator "Ruether,Rudolf"]
[PlyCount "110"]
[EventDate "2019.12.26"]

1. Nf3 Nf6 2. g3 g6 3. Bg2 Bg7 4. O-O O-O 5. d4 d6 6. c4 Nbd7 7. b3 e5 8. dxe5
dxe5 9. Bb2 Qe7 10. Nc3 c6 11. Qc2 Nc5 12. Rad1 Bf5 13. Qc1 Rfd8 14. Nb1 Nfd7
15. Nbd2 Nf8 16. Rfe1 Qc7 17. Qa1 Nfd7 18. Nf1 a5 19. Ne3 Be4 20. Rd2 a4 21. b4
Bxf3 22. exf3 a3 23. Bc3 Na4 24. Red1 Nxc3 25. Qxc3 e4 26. Qb3 exf3 27. Bxf3
Bb2 28. Be2 Ne5 29. f4 Nd7 30. c5 b5 31. Bf3 Nf6 32. Bxc6 Rxd2 33. Bxa8 Qd8 34.
Bd5 Rxd1+ 35. Qxd1 Qe7 36. Qd3 Bc1 37. Nf1 Qe1 38. Bf3 Qxb4 39. c6 Qc5+ 40. Kg2
Ne8 41. Qd7 Kf8 42. Bd5 Qe7 43. Qxe7+ Kxe7 44. Kf3 Nc7 45. Bb3 {(=)} Ne6 46.
Bd5 Kd6 47. Be4 Nd4+ 48. Kf2 Nxc6 49. Ne3 Bxe3+ 50. Kxe3 Nb4 51. Bb1 Kc5 52.
Kd2 Kd4 53. g4 Nd5 54. f5 Nc3 55. Bc2 Nxa2 0-1

[Event "29. Erfurter Schachfestival 2019 - Meis"]
[Site "Erfurt"]
[Date "2019.12.26"]
[Round "1.38"]
[White "Payyappat, Sreyas"]
[Black "Kottwitz, Daniel"]
[Result "1-0"]
[WhiteElo "2166"]
[BlackElo "1949"]
[Annotator "Ruether,Rudolf"]
[PlyCount "75"]
[EventDate "2019.12.26"]

1. e4 d5 2. exd5 Qxd5 3. Nc3 Qd6 4. d4 Nf6 5. Nf3 c6 6. Ne5 Bf5 7. Bc4 e6 8.
Bf4 Qb4 9. Bb3 Nbd7 10. a3 Qb6 11. Nc4 Qd8 12. O-O Nb6 13. Ne5 Bd6 14. Qf3 O-O
15. Rad1 Qc7 16. h3 Nbd5 17. Bh2 Rad8 18. Rfe1 h6 19. g4 Bh7 20. h4 Nxc3 21.
Qxc3 Nd5 22. Qh3 c5 23. g5 Bf5 24. Qg2 c4 25. gxh6 g6 26. Nxc4 Bxh2+ 27. Qxh2
Qxh2+ 28. Kxh2 b5 29. Ne5 Kh7 30. c3 Nf6 31. f3 Kxh6 32. Nc6 Rd7 33. Re5 Rc8
34. Nb4 a5 35. Nd3 Nd5 36. Nc5 Rd6 37. Nb7 Ra6 38. Bxd5 {Zeitüberschreitung}
1-0

[Event "29. Erfurter Schachfestival 2019 - Meis"]
[Site "Erfurt"]
[Date "2019.12.26"]
[Round "1.39"]
[White "Sieber, Heiko"]
[Black "Hundack, Rolf"]
[Result "1/2-1/2"]
[WhiteElo "1949"]
[BlackElo "2163"]
[PlyCount "155"]
[EventDate "2019.12.26"]

1. d4 Nf6 2. Nf3 e6 3. g3 b6 4. Bg2 Bb7 5. O-O Be7 6. c4 O-O 7. Nc3 d6 8. b3
Nbd7 9. Bb2 a6 10. Qc2 c5 11. Rad1 Rc8 12. dxc5 Nxc5 13. Qb1 Rc7 14. Rd2 Qa8
15. Rfd1 Nce4 16. Nxe4 Bxe4 17. Qa1 b5 18. cxb5 axb5 19. Ne1 Bxg2 20. Nxg2 Rfc8
21. Bxf6 Bxf6 22. Qb1 d5 23. e3 g6 24. h4 h5 25. Nf4 Kg7 26. Kh2 Qa3 27. Ne2
Qb4 28. Nd4 Qa5 29. Qd3 b4 30. Ne2 Qa8 31. Nd4 Rc3 32. Qb1 Qb7 33. Ne2 R3c5 34.
Nf4 Bc3 35. Rc2 e5 36. Ne2 d4 37. exd4 exd4 38. Nf4 Qe7 39. Re2 Qf6 40. Qd3 Re5
41. Rc1 Qd6 42. Rcc2 Rce8 43. Rxe5 Rxe5 44. Re2 Rxe2 45. Qxe2 Qf6 46. Kg2 Qc6+
47. f3 Qc5 48. Nd3 Qa7 49. Kf2 Kh7 50. Kg1 Qd7 51. Nf4 Qd6 52. Qe4 Bd2 53. Qd5
Be3+ 54. Kf1 Qc7 55. Ne2 Qa7 56. g4 hxg4 57. fxg4 Qc7 58. Kg2 Kg7 59. Qe4 Qd8
60. Qe5+ Kg8 61. h5 Qa8+ 62. Kh2 Qxa2 63. Qe8+ Kg7 64. Qe5+ f6 65. Qc7+ Kh6 66.
Qc4 gxh5 67. gxh5 Qd2 68. Kh3 Bg5 69. Qf7 Qd3+ 70. Ng3 Qc2 71. Qf8+ Kh7 72.
Qe7+ Kg8 73. Qe8+ Kg7 74. Qd7+ Kg8 75. Qe8+ Kg7 76. Qd7+ Kf8 77. Qd8+ Kf7 78.
Qd7+ 1/2-1/2

[Event "29. Erfurter Schachfestival 2019 - Meis"]
[Site "Erfurt"]
[Date "2019.12.26"]
[Round "1.40"]
[White "Wiley, Tom E"]
[Black "Rahimi, Rahim"]
[Result "1/2-1/2"]
[WhiteElo "2159"]
[BlackElo "1945"]
[PlyCount "116"]
[EventDate "2019.12.26"]

1. d4 c5 2. d5 g6 3. e4 Bg7 4. h4 h6 5. Nc3 d6 6. h5 g5 7. a4 Nf6 8. Nf3 Bg4 9.
Be2 Bxh5 10. Nd2 Bg6 11. f3 Nbd7 12. Nf1 Ne5 13. g4 a6 14. Ng3 Qb6 15. a5 Qc7
16. Be3 Rd8 17. Kf1 e6 18. Kg2 Qe7 19. Qd2 exd5 20. Nxd5 Nxd5 21. Qxd5 Nc6 22.
c3 Qe6 23. Bc4 Qxd5 24. Bxd5 Rb8 25. Bf2 Be5 26. Rh3 Kf8 27. Be3 Kg7 28. Ra3
Ne7 29. Bc4 f6 30. Rh1 Bf7 31. Bxf7 Kxf7 32. Rd1 b5 33. axb6 Rxb6 34. b4 cxb4
35. cxb4 Rxb4 36. Rxa6 Rb2+ 37. Rd2 Rhb8 38. Ra2 Rxa2 39. Rxa2 Rb3 40. Bd2 d5
41. exd5 Bxg3 42. Kxg3 Nxd5 43. Ra7+ Kg6 44. Ra2 Rd3 45. Bc1 Rd1 46. Rd2 Rxd2
47. Bxd2 f5 48. Bc1 f4+ 49. Kg2 Ne3+ 50. Kf2 Nc4 51. Ke2 h5 52. gxh5+ Kxh5 53.
Kf2 Kg6 54. Ke2 Kh5 55. Kf2 Kh4 56. Kg2 Ne3+ 57. Kf2 Nc4 58. Kg2 Kh5 1/2-1/2